Music Quiz

Random Music or The Beatles Quiz
Score 0/20 Timer 06:00
0 Plays Today
Translation Song % Correct
I Think That We Would Like to Grasp Your HandI Want to Hold Your Hand
93.3%
Everything, Which Needs You, is LoveAll You Need Is Love
90%
Week 8thEight Days a Week
87.9%
Bowl TogetherCome Together
79.7%
We Can Work Them OutsideWe Can Work It Out
77.4%
Thus Far My Guitar Tenderly CriesWhile My Guitar Gently Weeps
75.6%
I Looked at Her Identity ThereI Saw Her Standing There
72%
Writer of the Book in PeasantPaperback Writer
70.9%
Magic Secret TripMagical Mystery Tour
67%
ReturnGet Back
57.1%
Translation Song % Correct
Idiot of HillThe Fool on the Hill
57%
Request Request IPlease Please Me
55.9%
Excursionist of DayDay Tripper
51.9%
Torsion and CryTwist and Shout
51%
Being in Favor of the Mr. Flying Red DeerBeing for the Benefit of Mr. Kite
39.3%
It Loves Making MeLove Me Do
30.5%
Hey Ox Head DogHey Bulldog
28.2%
Better AttainmentGetting Better
21.4%
I I PitI Me Mine
19.3%
Precaution BelovedDear Prudence
8.9%

You're not logged in!

Compare scores with friends on all Sporcle quizzes.
OR
Log In

Sporcle TV

Today on Sporcle TV


Watch our educational content, quiz creation guides, and fun videos on Sporcle TV.

Show Comments

Extras

Top Quizzes Today


Score Distribution

Paid Content

Your Account Isn't Verified!

In order to create a playlist on Sporcle, you need to verify the email address you used during registration. Go to your Sporcle Settings to finish the process.

Report this User

Report this user for behavior that violates our Community Guidelines.

Details: